[Event "Pretoria Capablanca C"]
[Site "Pretoria"]
[Date "2018.04.29"]
[Round "6"]
[White "Nyathi, Musa"]
[Black "Nhamuave, Eleazar"]
[Result "0-1"]
[WhiteElo "1610"]
[BlackElo "1602"]
[PlyCount "50"]
[EventDate "2018.04.26"]
[EventType "tourn"]
[EventRounds "9"]
[EventCountry "RSA"]
[SourceTitle "CBM 184 Extra"]
[Source "ChessBase"]
[SourceDate "2018.06.28"]
[SourceVersion "1"]
[SourceVersionDate "2018.06.28"]
[SourceQuality "1"]

1. c4 g6 2. g3 Bg7 3. Bg2 c6 4. Nf3 d5 5. cxd5 cxd5 6. 0-0 Nf6 7. d3 0-0 8. Nc3 Nc6 9. a3 d4 10. Nb1 Qb6 11. Nbd2 Be6 12. b3 Nd5 13. Nc4 Qc7 14. Ng5 Nc3 15. Nxe6 fxe6 16. Qe1 b5 17. Nd2 Rac8 18. Ne4 Na5 19. Ng5 Qb6 20. Bh3 Rc6 21. Bg2 Nxb3 22. Bxc6 Qxc6 23. Bb2 Nxa1 24. Bxa1 h6 25. Nh3 Qd6 0-1

[Event "Pretoria Capablanca C"]
[Site "Pretoria"]
[Date "2018.04.28"]
[Round "4"]
[White "Nyathi, Musa"]
[Black "Schoeman, Ewald"]
[Result "0-1"]
[WhiteElo "1610"]
[BlackElo "1667"]
[PlyCount "132"]
[EventDate "2018.04.26"]
[EventType "tourn"]
[EventRounds "9"]
[EventCountry "RSA"]
[SourceTitle "CBM 184 Extra"]
[Source "ChessBase"]
[SourceDate "2018.06.28"]
[SourceVersion "1"]
[SourceVersionDate "2018.06.28"]
[SourceQuality "1"]

1. c4 Nf6 2. g3 g6 3. Bg2 Bg7 4. Nf3 0-0 5. 0-0 d6 6. Nc3 e5 7. d3 Nc6 8. Rb1 Nd7 9. b4 f5 10. Bg5 Nf6 11. Nd5 Be6 12. Nxf6+ Bxf6 13. Bxf6 Qxf6 14. b5 Ne7 15. Qc1 Rab8 16. Qh6 Qg7 17. Qxg7+ Kxg7 18. Rfc1 Kf6 19. c5 d5 20. d4 exd4 21. Nxd4 c6 22. b6 a6 23. e3 g5 24. Bf1 Bd7 25. f4 gxf4 26. exf4 Ng6 27. Re1 Rbe8 28. Kf2 Re4 29. Rbd1 Rfe8 30. Bg2 R4e7 31. Rxe7 Rxe7 32. Re1 Rxe1 33. Kxe1 Nf8 34. Bf1 Bc8 35. Bxa6 bxa6 36. Nxc6 Nd7 37. Na7 Nxb6 38. cxb6 Bb7 39. Kd2 Ke6 40. Kd3 Ke7 41. Kd4 Kd6 42. a4 h6 43. a5 h5 44. h3 Ke6 45. Kc5 Kd7 46. h4 Ba8 47. Kd4 Bb7 48. Ke5 Ke7 49. Kd4 Kd6 50. Kd3 Kc5 51. g4 hxg4 52. h5 g3 53. h6 g2 54. h7 g1Q 55. h8Q Qd1+ 56. Ke3 d4+ 57. Kf2 Qf3+ 58. Ke1 Qe3+ 59. Kf1 Qxf4+ 60. Ke1 Qg3+ 61. Kd2 Qe3+ 62. Kd1 Bf3+ 63. Kc2 Qc3+ 64. Kb1 Be4+ 65. Ka2 Qc2+ 66. Ka3 Qc1+ 0-1

[Event "Pretoria Capablanca C"]
[Site "Pretoria"]
[Date "2018.04.27"]
[Round "2"]
[White "Oberholzer, Imarie"]
[Black "Nyathi, Musa"]
[Result "0-1"]
[WhiteElo "1562"]
[BlackElo "1610"]
[PlyCount "112"]
[EventDate "2018.04.26"]
[EventType "tourn"]
[EventRounds "9"]
[EventCountry "RSA"]
[SourceTitle "CBM 184 Extra"]
[Source "ChessBase"]
[SourceDate "2018.06.28"]
[SourceVersion "1"]
[SourceVersionDate "2018.06.28"]
[SourceQuality "1"]

1. e4 c5 2. Nc3 Nc6 3. f4 g6 4. Nf3 Bg7 5. Bb5 Nd4 6. 0-0 Nxb5 7. Nxb5 d6 8. Nc3 e6 9. d3 Bd7 10. Qe1 b5 11. Ne2 Ne7 12. Rb1 d5 13. Qh4 Nc6 14. Qxd8+ Rxd8 15. exd5 exd5 16. Nc3 Bxc3 17. bxc3 a6 18. Ba3 c4 19. Rfe1+ Be6 20. Ng5 Kd7 21. dxc4 dxc4 22. Rbd1+ Kc7 23. Rxd8 Rxd8 24. Nxh7 Rd2 25. Rc1 Bf5 26. Ng5 Bxc2 27. Nf3 Re2 28. Bc5 Be4 29. a3 Na5 30. Rd1 Nb3 31. Bd6+ Kc8 32. Be5 Bxf3 33. gxf3 Nd2 34. h4 Nxf3+ 35. Kf1 Ra2 36. Bf6 Rxa3 37. Rd8+ Kc7 38. Rf8 Nd2+ 39. Ke1 Ne4 40. Be5+ Kc6 41. Rxf7 Nxc3 42. Rf6+ Kd5 43. Rxg6 Ra1+ 44. Kd2 Ne4+ 45. Kc2 Ra2+ 46. Kb1 Rh2 47. Rxa6 Rxh4 48. Rb6 Kc5 49. Re6 c3 50. Kc2 Rh2+ 51. Kd3 Kd5 52. Re8 Rh3+ 53. Kc2 Kc4 54. Bg7 Rh2+ 55. Kc1 Kb3 56. Kd1 c2+ 0-1

[Event "RSA-ch U16"]
[Site "Gauteng"]
[Date "2017.04.09"]
[Round "8"]
[White "Nyathi, Musa"]
[Black "Reddy, Ananta"]
[Result "1/2-1/2"]
[WhiteElo "1385"]
[BlackElo "1641"]
[PlyCount "48"]
[EventDate "2017.04.05"]
[EventType "swiss"]
[EventRounds "11"]
[EventCountry "RSA"]
[SourceTitle "CBM 177 Extra"]
[Source "ChessBase"]
[SourceDate "2017.04.27"]
[SourceVersion "1"]
[SourceVersionDate "2017.04.27"]
[SourceQuality "1"]

1. Nf3 c5 2. g3 g6 3. Bg2 Bg7 4. 0-0 d5 5. c3 Nf6 6. d4 0-0 7. dxc5 a5 8. c4 dxc4 9. Qxd8 Rxd8 10. Ne5 Na6 11. c6 Nd5 12. Bxd5 Rxd5 13. Nxc4 Rc5 14. Nb6 Rb8 15. Nxc8 Rxc8 16. cxb7 R8c7 17. Be3 Rc2 18. Rd1 Rxb2 19. Rd8+ Bf8 20. Na3 Rcxb7 21. Nc4 Rxe2 22. Bh6 Rb8 23. Rad1 Re1+ 24. Rxe1 Rxd8 1/2-1/2

[Event "RSA-ch U16"]
[Site "Gauteng"]
[Date "2017.04.07"]
[Round "5"]
[White "Hadebe, Sandile"]
[Black "Nyathi, Musa"]
[Result "1/2-1/2"]
[WhiteElo "1531"]
[BlackElo "1385"]
[PlyCount "43"]
[EventDate "2017.04.05"]
[EventType "swiss"]
[EventRounds "11"]
[EventCountry "RSA"]
[SourceTitle "CBM 177 Extra"]
[Source "ChessBase"]
[SourceDate "2017.04.27"]
[SourceVersion "1"]
[SourceVersionDate "2017.04.27"]
[SourceQuality "1"]

1. e4 c6 2. d4 d5 3. exd5 cxd5 4. c4 Nf6 5. Nc3 Nc6 6. Bg5 dxc4 7. Nf3 Bg4 8. Bxc4 Bxf3 9. Qxf3 Qxd4 10. Bb5 Qe5+ 11. Be3 Rc8 12. 0-0 e6 13. Bxa7 Bd6 14. Qg3 Qxg3 15. fxg3 0-0 16. Bf2 Be5 17. Rac1 Nd4 18. Rfe1 Nxb5 19. Rxe5 Nxc3 20. bxc3 Ng4 21. Rb5 Nxf2 22. Kxf2 1/2-1/2

[Event "RSA-ch U16"]
[Site "Gauteng"]
[Date "2017.04.06"]
[Round "3"]
[White "Nyathi, Musa"]
[Black "Du Plessis, Jan"]
[Result "1-0"]
[WhiteElo "1385"]
[BlackElo "1440"]
[PlyCount "35"]
[EventDate "2017.04.05"]
[EventType "swiss"]
[EventRounds "11"]
[EventCountry "RSA"]
[SourceTitle "CBM 177 Extra"]
[Source "ChessBase"]
[SourceDate "2017.04.27"]
[SourceVersion "1"]
[SourceVersionDate "2017.04.27"]
[SourceQuality "1"]

1. d4 d5 2. e3 Nf6 3. Bd3 Nc6 4. c3 e5 5. Bb5 e4 6. c4 Bd7 7. Nc3 Ne7 8. Qb3 c6 9. Ba4 Qc7 10. Bd2 g6 11. Rc1 Be6 12. cxd5 Nexd5 13. Qc2 Nb4 14. Qb1 Nd3+ 15. Ke2 Nxc1+ 16. Qxc1 Bc4+ 17. Ke1 Bb4 18. Nb5 1-0

[Event "Boksburg Inter Region-ch"]
[Site "Boksburg"]
[Date "2016.12.21"]
[Round "4.4"]
[White "Van der Westhuizen, Donald"]
[Black "Nyathi, Musa"]
[Result "1/2-1/2"]
[WhiteElo "1578"]
[BlackElo "1470"]
[PlyCount "106"]
[EventDate "2016.12.20"]
[EventType "team-swiss"]
[EventRounds "7"]
[EventCountry "RSA"]
[SourceTitle "CBM 176 Extra"]
[Source "ChessBase"]
[SourceDate "2017.03.02"]
[SourceVersion "1"]
[SourceVersionDate "2017.03.02"]
[SourceQuality "1"]
[WhiteTeam "Torpedos"]
[BlackTeam "Johannesburg Metro III"]
[WhiteTeamCountry "RSA"]
[BlackTeamCountry "RSA"]

1. d4 d5 2. c4 c6 3. Nc3 Nf6 4. Nf3 e6 5. cxd5 exd5 6. Qc2 Bd6 7. Bg5 Nbd7 8. e3 Qa5 9. Bd3 0-0 10. 0-0 Qc7 11. Rfc1 a6 12. Rab1 h6 13. Bh4 Bb4 14. a3 Bxc3 15. bxc3 b5 16. Bg3 Qd8 17. a4 Nb6 18. axb5 axb5 19. Nd2 Nc4 20. Ra1 Be6 21. Nb3 Nd7 22. Rxa8 Qxa8 23. Ra1 Qb7 24. Na5 Nxa5 25. Rxa5 Ra8 26. Qa2 Nb6 27. Bd6 Na4 28. Rxa8+ Qxa8 29. Qa3 Nb6 30. Qxa8+ Nxa8 31. Bc5 Nc7 32. Kf1 f5 33. Ke2 Kf7 34. Kd2 g5 35. Kc2 Ke8 36. Be2 g4 37. h3 h5 38. hxg4 hxg4 39. f3 Na6 40. Ba3 Kd7 41. fxg4 fxg4 42. g3 Bf5+ 43. Kd2 Ke6 44. Bd3 Nc7 45. Bxf5+ Kxf5 46. Bd6 Ne8 47. Be5 Nf6 48. Bxf6 Kxf6 49. Ke2 Ke6 50. Kd3 Kf5 51. Kd2 Ke6 52. Kc2 Kf5 53. Kd2 Ke6 1/2-1/2

[Event "RSA-ch U14"]
[Site "Bloemfontein"]
[Date "2016.03.23"]
[Round "7"]
[White "Malan, Jacques"]
[Black "Nyathi, Musa"]
[Result "1-0"]
[WhiteElo "1450"]
[BlackElo "1399"]
[PlyCount "55"]
[EventDate "2016.03.20"]
[EventType "swiss"]
[EventRounds "11"]
[EventCountry "RSA"]
[SourceTitle "CBM 171 Extra"]
[Source "ChessBase"]
[SourceDate "2016.04.26"]
[SourceVersion "1"]
[SourceVersionDate "2016.04.26"]
[SourceQuality "1"]

1. e4 e6 2. d4 d5 3. e5 c5 4. c3 Nc6 5. Nf3 Qb6 6. a3 c4 7. Nbd2 Na5 8. Rb1 Bd7 9. b4 cxb3 10. Nxb3 Ba4 11. Nfd2 Rc8 12. Qc2 Nc4 13. Qa2 Nxd2 14. Bxd2 Bxb3 15. Rxb3 Qc7 16. Qb2 Rb8 17. Bb5+ Kd8 18. Bd3 Ne7 19. 0-0 Nc6 20. c4 dxc4 21. Bxc4 Nxe5 22. Bxe6 Nf3+ 23. Rxf3 fxe6 24. Bf4 Bd6 25. Bxd6 Qxd6 26. Rf7 g6 27. Rc1 Qd5 28. Qb4 1-0

[Event "RSA-ch U14"]
[Site "Bloemfontein"]
[Date "2016.03.21"]
[Round "2"]
[White "Nyathi, Musa"]
[Black "Adams, Seth Riley"]
[Result "0-1"]
[WhiteElo "1399"]
[BlackElo "1694"]
[PlyCount "56"]
[EventDate "2016.03.20"]
[EventType "swiss"]
[EventRounds "11"]
[EventCountry "RSA"]
[SourceTitle "CBM 171 Extra"]
[Source "ChessBase"]
[SourceDate "2016.04.26"]
[SourceVersion "1"]
[SourceVersionDate "2016.04.26"]
[SourceQuality "1"]

1. d4 Nf6 2. e3 d5 3. Bd3 c5 4. c3 Nc6 5. f4 Bg4 6. Nf3 e6 7. 0-0 Bd6 8. Nbd2 cxd4 9. cxd4 0-0 10. a3 Rc8 11. Qe1 Bf5 12. Bxf5 exf5 13. Nh4 g6 14. Qg3 Nh5 15. Qh3 Nf6 16. Ndf3 Re8 17. Ne5 Bxe5 18. fxe5 Ne4 19. g4 Qg5 20. Rf4 Nxd4 21. exd4 Rxc1+ 22. Rxc1 Qxf4 23. Rf1 Qd2 24. Qf3 Qxd4+ 25. Kh1 Qxe5 26. gxf5 Nd2 27. Qf2 Nxf1 28. fxg6 hxg6 0-1